| 000 | 00721nam a2200229Ia 4500 | ||
|---|---|---|---|
| 003 | OSt | ||
| 005 | 20250123153418.0 | ||
| 008 | 210716s2015 xx 000 0 und d | ||
| 020 | _a849315263 | ||
| 040 | _cAIMIT LIBRARY | ||
| 041 | _aeng | ||
| 082 |
_a001.0726213 _21 _bREET |
||
| 245 |
_aDigital image sequence processing compression and analysis / _cEdited by Todd R Reed. |
||
| 250 | _a1st ed. | ||
| 260 |
_aNew Delhi : _bCRC Press , _c2015. |
||
| 300 |
_a272p. ; _bPB _c23.7 cm |
||
| 650 |
_aThe computation of motion _9194974 |
||
| 650 |
_aError concealment in digital video _9194975 |
||
| 650 |
_aVideo summarization _9194976 |
||
| 700 |
_aReed, Todd R., ed. _9194977 |
||
| 942 |
_2ddc _cBK _e1st _k001.0726213 REET |
||
| 999 |
_c194467 _d194467 |
||